| 000 | 00411nam a2200181Ia 4500 | ||
|---|---|---|---|
| 001 | 8260 | ||
| 005 | 20260306160556.0 | ||
| 008 | 260306t1969||||xx |||||||||||||| ||spa|| | ||
| 041 | _aESP | ||
| 082 |
_a370.152 _bK38 T. 1 |
||
| 100 |
_aKelly W.A. _eAUT |
||
| 245 | 0 | _aPsicología de la educación | |
| 260 | _c1969 | ||
| 300 |
_apágs. : _ccm. |
||
| 650 | _aGEN | ||
| 654 | _aCED | ||
| 942 |
_cLIB _dJUS _fJUS _2ddc _n |
||
| 999 |
_c8260 _d8260 |
||